Estudios arqueológicos sobre los incas / (Registro nro. 5969)

Detalles MARC
000 -LEADER
campo de control de longitud fija 02105cam a22005174a 4500
003 - IDENTIFICADOR DE NÚMERO DE CONTROL
campo de control PE-LiUPU
005 - FECHA Y HORA DE LA ÚLTIMA TRANSACCIÓN
campo de control 20250731184508.0
008 - DATOS DE LONGITUD FIJA--INFORMACIÓN GENERAL
campo de control de longitud fija 140303s2011 pe agr 001 0 spa d
020 ## - NÚMERO INTERNACIONAL ESTÁNDAR DEL LIBRO
Número Internacional Estándar del Libro 9789972691980
035 ## - NÚMERO DE CONTROL DEL SISTEMA
Número de control de sistema (Sirsi) i9789972691980
035 ## - NÚMERO DE CONTROL DEL SISTEMA
Número de control de sistema (Sirsi) 51988
035 ## - NÚMERO DE CONTROL DEL SISTEMA
Número de control de sistema (Sirsi) 51988
082 04 - NÚMERO DE LA CLASIFICACIÓN DECIMAL DEWEY
Número de clasificación 985.612
Cutter B26
100 1# - ENTRADA PRINCIPAL--NOMBRE DE PERSONA
Nombre de persona Bauer, Brian S.
245 ## - MENCIÓN DEL TÍTULO
Título Estudios arqueológicos sobre los incas /
Mención de responsabilidad, etc. Brian S. Bauer.
250 ## - MENCION DE EDICION
Mención de edición 1a ed.
264 #1 - PRODUCCIÓN, PUBLICACIÓN, DISTRIBUCIÓN, FABRICACIÓN Y COPYRIGHT
Producción, publicación, distribución, fabricación y copyright Cuzco :
Nombre del de productor, editor, distribuidor, fabricante Centro Bartolomé de las Casas,
Fecha de producción, publicación, distribución, fabricación o copyright 2011.
300 ## - DESCRIPCIÓN FÍSICA
Extensión 223 páginas :
Otras características físicas ilustraciones ;
Dimensiones 24 cm.
490 1# - MENCIÓN DE SERIE
Mención de serie Archivos de historia andina ;
Designación de volumen o secuencia 47
500 ## - NOTA GENERAL
Nota general Traducción de cinco artículos previamente publicados en inglés
504 ## - NOTA DE BIBLIOGRAFÍA, ETC.
Nota de bibliografía, etc. Incluye referencias citadas (p. 211-223).
505 0# - NOTA DE CONTENIDO CON FORMATO
Nota de contenido con formato Legitimización del estado a través de la mitología y ritos incas -- Peregrinaciones y geografía del poder en el estado inca -- La roca sagrada del Titicaca : donde el sol regresaba a la tierra -- Los puentes colgantes del imperio inca -- Est
526 ## - NOTA DE INFORMACIÓN SOBRE EL PROGRAMA DE ESTUDIO
Nombre del programa Doctorado En Educación Con Mención En Currículo Y Docencia (A Distancia)
526 ## - NOTA DE INFORMACIÓN SOBRE EL PROGRAMA DE ESTUDIO
Nombre del programa Doctorado En Educación Con Mención En Currículo Y Docencia (Semipresencial)
526 ## - NOTA DE INFORMACIÓN SOBRE EL PROGRAMA DE ESTUDIO
Nombre del programa Doctorado En Educación Con Mención En Gestión Educativa (A Distancia)
526 ## - NOTA DE INFORMACIÓN SOBRE EL PROGRAMA DE ESTUDIO
Nombre del programa Doctorado En Educación Con Mención En Gestión Educativa (Semipresencial)
526 ## - NOTA DE INFORMACIÓN SOBRE EL PROGRAMA DE ESTUDIO
Nombre del programa Derecho semipresencial
526 ## - NOTA DE INFORMACIÓN SOBRE EL PROGRAMA DE ESTUDIO
Nombre del programa Derecho presencial
526 ## - NOTA DE INFORMACIÓN SOBRE EL PROGRAMA DE ESTUDIO
Nombre del programa Maestría en teología histórica
526 ## - NOTA DE INFORMACIÓN SOBRE EL PROGRAMA DE ESTUDIO
Nombre del programa Teología
526 ## - NOTA DE INFORMACIÓN SOBRE EL PROGRAMA DE ESTUDIO
Nombre del programa Educación primaria
526 ## - NOTA DE INFORMACIÓN SOBRE EL PROGRAMA DE ESTUDIO
Nombre del programa Educación secundaria, especialidad lingüística e inglés
526 ## - NOTA DE INFORMACIÓN SOBRE EL PROGRAMA DE ESTUDIO
Nombre del programa Educación secundaria, especialidad ambiental, biología y química
526 ## - NOTA DE INFORMACIÓN SOBRE EL PROGRAMA DE ESTUDIO
Nombre del programa Arquitectura
596 ## -
-- 1
650 04 - PUNTO DE ACCESO ADICIONAL DE MATERIA--TÉRMINO DE MATERIA
Término de materia o nombre geográfico como elemento de entrada Incas
Subdivisión geográfica Perú
Subdivisión general Antigüedades.
651 #4 - PUNTO DE ACCESO ADICIONAL DE MATERIA--NOMBRE GEOGRÁFICO
Nombre geográfico Perú
Subdivisión general Antigüedades.
650 04 - PUNTO DE ACCESO ADICIONAL DE MATERIA--TÉRMINO DE MATERIA
Término de materia o nombre geográfico como elemento de entrada Indígenas de Sudamérica
Subdivisión geográfica Peru
Subdivisión general Antigüedades.
859 ## - INFORMACIÓN DE CONTROL LOCAL (RLIN)
-- 69378
910 ## - DATOS DE OPCIÓN DEL USUARIO (OCLC)
Datos de opción del usuario gl20131203
942 ## - ELEMENTOS DE ENTRADA SECUNDARIOS (KOHA)
Fuente del sistema de clasificación o colocación Clasificación Decimal Dewey
Tipo de ítem Koha
949 ## - PROCESAMIENTO DE INFORMACIÓN LOCAL (OCLC)
i 69378
l CCODEBUL1
m BUL
t LIBRO
o .STAFF. Colección General
999 ## - NÚMEROS DE CONTROL DE SISTEMA (KOHA)
-- DEWEY
-- 69378
-- 2016-11-9
-- 2021-11-8
-- 7
-- CCODEBUL1
-- BUL
-- 3
-- 14.00
-- 1
-- 0
-- Y
-- BOOK
-- 2015-7-6
-- BIBLIOTECA
-- P06
-- COMPRA
-- .STAFF. Colección General
999 ## - NÚMEROS DE CONTROL DE SISTEMA (KOHA)
-- DEWEY
-- 75157
-- 2017-4-7
-- 2021-11-8
-- 7
-- CCODEBUL1
-- BUL
-- 1
-- 10.56
-- 2
-- 0
-- Y
-- BOOK
-- 2016-12-7
-- BIBLIOTECA
-- P06
-- COMPRA
-- .STAFF. Colección Ingenieria y Arquitectura
980 ## - EQUIVALENCIA O REFERENCIA-CRUZADA-MENCIÓN DE SERIE--NOMBRE DE PERSONA/TÍTULO [LOCAL, CANADÁ]
ID del último usuario que modificó el registro 1
Nombre del último usuario que modificó el registro ALBERTO SANCHEZ Responsable de Automatización
Existencias
Visto por última vez Número de inventario Total de préstamos Signatura topográfica completa Código de barras Fecha del último préstamo Copia número Coste, precio de reemplazo Fecha de reemplazo Facultad Tipo de ítem Koha Nota pública Estado de pérdida Fuente del sistema de clasificación o colocación Restricciones de uso No para préstamo Colección Programa académico Biblioteca de origen Biblioteca actual Ubicación en estantería Fecha de adquisición Fuente de adquisición Coste, precio normal de compra
2025-12-03 8 3 985.612 B26 69378 2016-11-09 e1 19.00 2015-07-06 FIA Libros físicos inventario-2023-12-13 No Perdido Clasificación Decimal Dewey No restringido Disponible para préstamos Colección General Arquitectura Biblioteca CRAI UPeU Lima Biblioteca CRAI UPeU Lima Sala principal 2015-07-06 COMPRA 14.00
2025-12-03 8 1 985.612 B26 75157 2017-04-07 e2 15.56 2016-12-07 FIA Libros físicos inventario-2023-12-13 No Perdido Clasificación Decimal Dewey No restringido Disponible para préstamos Colección General Arquitectura Biblioteca CRAI UPeU Lima Biblioteca CRAI UPeU Lima Sala principal 2016-12-07 COMPRA 10.56